[Event "South Wales International Open"]
[Site "Bridgend"]
[Date "2022.07.08"]
[Round "3.16"]
[White "Turner, Joseph David"]
[Black "Probert, Malcolm"]
[Result "1-0"]
[WhiteElo "1869"]
[BlackElo "1572"]
[PlyCount "76"]
[EventDate "2022.07.07"]
[EventRounds "9"]
[EventCountry "WLS"]

1. e4 c6 2. Nc3 d5 3. Nf3 dxe4 4. Nxe4 Nd7 5. Qe2 Ndf6 6. Ne5 Nxe4 7. Qxe4 Be6
8. Bc4 Bxc4 9. Qxc4 Qd5 10. d4 Qxc4 11. Nxc4 g6 12. O-O Bg7 13. Re1 Rd8 14. c3
Nf6 15. a4 Nd5 16. Bg5 f6 17. Bd2 O-O 18. Re6 Rfe8 19. Rae1 Kf7 20. Na5 Rd7 21.
Nb3 Rc7 22. a5 f5 23. c4 Nf6 24. R6e2 Ne4 25. Bb4 Bf8 26. f3 Nf6 27. Bc5 b6 28.
axb6 axb6 29. Bxb6 Rb7 30. c5 Nd5 31. Na5 Rxb6 32. cxb6 Nxb6 33. Nxc6 Nd5 34.
g3 Bg7 35. Ne5+ Bxe5 36. Rxe5 e6 37. Rxd5 exd5 38. Rxe8 Kxe8 1-0

[Event "South Wales International Open"]
[Site "Bridgend"]
[Date "2022.07.08"]
[Round "3.17"]
[White "Jones, Jeremy"]
[Black "Robinson, David"]
[Result "1/2-1/2"]
[WhiteElo "1574"]
[BlackElo "1857"]
[PlyCount "76"]
[EventDate "2022.07.07"]
[EventRounds "9"]
[EventCountry "WLS"]

1. d4 Nf6 2. Nf3 d5 3. Bg5 Bf5 4. e3 Nbd7 5. c4 e6 6. c5 c6 7. Nc3 Be7 8. Nh4
Bg4 9. Be2 Bxe2 10. Qxe2 O-O 11. Nf3 Re8 12. O-O-O b6 13. b4 bxc5 14. dxc5 a5
15. a3 axb4 16. axb4 Ra3 17. Qb2 Qa8 18. Kc2 Rxc3+ 19. Qxc3 Ne4 20. Ra1 Qb7 21.
Qa3 Nxg5 22. Nxg5 Bxg5 23. Rhb1 Qb5 24. Qa6 Rb8 25. Qxb5 Rxb5 26. Ra5 Rb8 27.
Ra7 Rd8 28. Rc7 Bf6 29. Rxc6 h6 30. b5 Be7 31. b6 Nxc5 32. b7 Nxb7 33. Rxb7 Bf6
34. Rcc7 Ra8 35. Ra7 Rb8 36. Rab7 Rf8 37. Kd3 Be5 38. Rd7 Bf6 1/2-1/2

[Event "South Wales International Open"]
[Site "Bridgend"]
[Date "2022.07.08"]
[Round "3.19"]
[White "Rudd, Jack"]
[Black "Arkell, Keith C"]
[Result "1/2-1/2"]
[WhiteElo "2331"]
[BlackElo "2400"]
[PlyCount "109"]
[EventDate "2022.07.07"]
[EventRounds "9"]
[EventCountry "WLS"]

1. Nf3 d5 2. c4 c6 3. d4 Nf6 4. Nc3 g6 5. Qb3 Qb6 6. c5 Qc7 7. Ne5 Bg7 8. Nd3
Nh5 9. Be3 Bf5 10. O-O-O b6 11. cxb6 axb6 12. h3 Bxd3 13. Rxd3 Nd7 14. Qc2 Qd6
15. Kb1 e6 16. Bc1 c5 17. e4 dxe4 18. Nxe4 Qc6 19. Be2 Nhf6 20. Nxf6+ Nxf6 21.
Bf3 Nd5 22. dxc5 bxc5 23. Bxd5 exd5 24. Re1+ Kf8 25. Bg5 c4 26. Red1 d4 27.
Rxd4 Bxd4 28. Rxd4 h6 29. Rxc4 Qe6 30. Qc3 Rh7 31. Bf6 Re8 32. a4 Qf5+ 33. Ka2
g5 34. f3 h5 35. a5 Kg8 36. Rc5 Qe6+ 37. b3 Rh6 38. Rxg5+ Rg6 39. Rxg6+ fxg6
40. Qc4 Kf7 41. Bd4 Rc8 42. Qxe6+ Kxe6 43. Ka3 Kd5 44. Bb6 Rc2 45. g3 Kc6 46.
Kb4 Rg2 47. g4 Rg3 48. Kc4 Rxf3 49. b4 hxg4 50. hxg4 Rf4+ 51. Bd4 Rxg4 52. b5+
Kc7 53. a6 Rg5 54. Ba7 Rxb5 55. Kxb5 1/2-1/2

[Event "South Wales International Open"]
[Site "Bridgend"]
[Date "2022.07.08"]
[Round "3.20"]
[White "Hurn, Robert Aj"]
[Black "Khan, Mohammed"]
[Result "1-0"]
[WhiteElo "1605"]
[BlackElo "1778"]
[PlyCount "65"]
[EventDate "2022.07.07"]
[EventRounds "9"]
[EventCountry "WLS"]

1. d4 c5 2. d5 g6 3. e4 Bg7 4. Nc3 Bxc3+ 5. bxc3 d6 6. Bb5+ Bd7 7. Qe2 Qa5 8.
Bxd7+ Nxd7 9. Bd2 Ngf6 10. Nf3 Qc7 11. O-O h5 12. c4 e5 13. dxe6 fxe6 14. Ng5
Ke7 15. f4 Rae8 16. Bc3 Rhf8 17. Rad1 Kd8 18. e5 dxe5 19. fxe5 Kc8 20. exf6 Qc6
21. Qd3 Nb6 22. Qe2 e5 23. Ne4 Re6 24. f7 g5 25. Rf5 Nd7 26. Rxg5 Rxf7 27. Rxh5
Rg6 28. Rg5 Rh6 29. Bxe5 Nxe5 30. Rxe5 Rfh7 31. Rxc5 Rxh2 32. Rxc6+ bxc6 33.
Nd6+ 1-0

[Event "South Wales International Open"]
[Site "Bridgend"]
[Date "2022.07.08"]
[Round "3.21"]
[White "Westcott, Dale"]
[Black "Dixon, Chris"]
[Result "1/2-1/2"]
[WhiteElo "1250"]
[BlackElo "1696"]
[PlyCount "73"]
[EventDate "2022.07.07"]
[EventRounds "9"]
[EventCountry "WLS"]

1. d4 Nf6 2. Nf3 g6 3. g3 Bg7 4. Bg2 O-O 5. O-O d6 6. b3 c5 7. Bb2 cxd4 8. Nxd4
a6 9. Qc1 Qc7 10. c4 Nc6 11. Nd2 Nd7 12. Nxc6 bxc6 13. Bxg7 Kxg7 14. Ne4 Bb7
15. Qc3+ Kg8 16. Qe3 Nf6 17. Nxf6+ exf6 18. Qf4 Qe7 19. e3 Qe5 20. Qg4 f5 21.
Qd4 Qxd4 22. exd4 Rfe8 23. Rfe1 Kf8 24. f4 Rac8 25. Kf2 Re6 26. Rad1 Rce8 27.
d5 Rxe1 28. Rxe1 c5 29. Rxe8+ Kxe8 30. Ke3 a5 31. Kd3 Kd8 32. Kc3 Kc7 33. a3
Kb6 34. b4 Bc8 35. b5 h5 36. Kd3 Bd7 37. a4 1/2-1/2

[Event "South Wales International Open"]
[Site "Bridgend"]
[Date "2022.07.08"]
[Round "3.23"]
[White "Thomas, Roy"]
[Black "Emblem, Mark"]
[Result "1-0"]
[WhiteElo "1673"]
[BlackElo "1437"]
[PlyCount "55"]
[EventDate "2022.07.07"]
[EventRounds "9"]
[EventCountry "WLS"]

1. f4 d5 2. Nf3 Nf6 3. e3 Bg4 4. Be2 Nbd7 5. O-O g6 6. b3 Bg7 7. Bb2 O-O 8. d3
c5 9. Nbd2 Qc7 10. Ne5 Bxe2 11. Qxe2 e6 12. a4 Rfe8 13. Rac1 Nh5 14. Ndf3 Rad8
15. g3 f6 16. Nxd7 Qxd7 17. g4 f5 18. gxh5 Bxb2 19. Rcd1 d4 20. e4 Qg7 21. hxg6
Qxg6+ 22. Kh1 Kh8 23. Rg1 Qf6 24. e5 Qe7 25. Ng5 h6 26. Qh5 Qf8 27. Nf7+ Kh7
28. Qg6# 1-0

[Event "South Wales International Open"]
[Site "Bridgend"]
[Date "2022.07.08"]
[Round "3.24"]
[White "Fowler, Caspian"]
[Black "Williams, Ron"]
[Result "1-0"]
[WhiteElo "1483"]
[BlackElo "1589"]
[PlyCount "115"]
[EventDate "2022.07.07"]
[EventRounds "9"]
[EventCountry "WLS"]

1. e4 d6 2. d4 Nf6 3. Nc3 Nbd7 4. Nf3 e5 5. Bc4 Be7 6. h3 c6 7. a4 Qc7 8. O-O
h6 9. Re1 g5 10. d5 Nf8 11. dxc6 bxc6 12. Qd3 Ng6 13. b4 a6 14. Ne2 g4 15. hxg4
Nxg4 16. Ng3 Nh4 17. Nf5 Nxf5 18. exf5 Nf6 19. Qb3 d5 20. Bf1 Ng4 21. f6 Bxf6
22. Nxe5 Bxe5 23. f4 f6 24. fxe5 fxe5 25. Be2 Qb6+ 26. Be3 Qxe3+ 27. Qxe3 Nxe3
28. Bh5+ Ke7 29. Rxe3 Bf5 30. Rxe5+ Kf6 31. Re2 Kg5 32. Bf3 Rhe8 33. Rae1 Rxe2
34. Rxe2 Kf6 35. c3 Bd7 36. Kf2 a5 37. Ra2 axb4 38. cxb4 Ke5 39. Ke3 Be6 40.
Ra1 d4+ 41. Kd3 Bd5 42. Bxd5 Kxd5 43. a5 Ra6 44. Rc1 Ra7 45. Rc5+ Kd6 46. Rh5
Rb7 47. Rxh6+ Kd5 48. Rh5+ Kd6 49. Kc4 Rg7 50. a6 Rxg2 51. a7 Rg8 52. Ra5 Ra8
53. Kxd4 Kc7 54. Kc5 Kb7 55. Ra3 Kc7 56. Rh3 Kb7 57. Rh7+ Ka6 58. Kxc6 1-0

[Event "South Wales International Open"]
[Site "Bridgend"]
[Date "2022.07.09"]
[Round "4.1"]
[White "Richardson, John R"]
[Black "Maksimenko, Andrei"]
[Result "1-0"]
[WhiteElo "2289"]
[BlackElo "2434"]
[PlyCount "67"]
[EventDate "2022.07.07"]
[EventRounds "9"]
[EventCountry "WLS"]

1. d4 d5 2. c4 dxc4 3. e4 b5 4. a4 c6 5. axb5 cxb5 6. Nc3 Qb6 7. Nd5 Qb7 8. Bf4
e5 9. Bxe5 Nd7 10. Bf4 Ngf6 11. Nc7+ Kd8 12. Nxa8 Qxe4+ 13. Ne2 Qxa8 14. Nc3
Bb4 15. f3 Nd5 16. Bd2 Nxc3 17. bxc3 Bd6 18. Kf2 h5 19. Qb1 Qb8 20. Qf5 f6 21.
Qg6 Bf4 22. Ra2 Bxd2 23. Rxd2 Qf4 24. Re2 Qh6 25. Qe4 Kc7 26. g3 Bb7 27. Qf5 a6
28. Bh3 Rd8 29. Rhe1 g6 30. Qb1 f5 31. Qb4 Qf8 32. Re7 Kc8 33. Qd6 Qf6 34. R1e6
1-0

[Event "South Wales International Open"]
[Site "Bridgend"]
[Date "2022.07.09"]
[Round "4.2"]
[White "Brown, Thomas"]
[Black "Camacho Collados, Jose"]
[Result "0-1"]
[WhiteElo "2194"]
[BlackElo "2410"]
[PlyCount "60"]
[EventDate "2022.07.07"]
[EventRounds "9"]
[EventCountry "WLS"]

1. d4 Nf6 2. Nf3 e6 3. Bf4 c5 4. c3 d5 5. e3 Nc6 6. Nbd2 cxd4 7. exd4 Nh5 8.
Be3 Bd6 9. Ne5 Nf6 10. f4 Qb6 11. Qb3 O-O 12. Bd3 Bd7 13. O-O Ne7 14. a4 Qxb3
15. Nxb3 Be8 16. a5 Ne4 17. Bxe4 dxe4 18. Nc4 Bc7 19. Nc5 Bb5 20. b3 Nd5 21.
Bd2 e3 22. Nxe3 Bxf1 23. Nxd5 exd5 24. Kxf1 b6 25. Nd3 bxa5 26. c4 Rfb8 27. Nc5
Bb6 28. Bxa5 dxc4 29. Nd7 Bxa5 30. Nxb8 Bc3 0-1

[Event "South Wales International Open"]
[Site "Bridgend"]
[Date "2022.07.09"]
[Round "4.3"]
[White "Wells, Peter K"]
[Black "Rudd, Jack"]
[Result "1-0"]
[WhiteElo "2379"]
[BlackElo "2331"]
[PlyCount "49"]
[EventDate "2022.07.07"]
[EventRounds "9"]
[EventCountry "WLS"]

1. d4 Nf6 2. Bg5 e6 3. e4 h6 4. Bxf6 Qxf6 5. c3 d6 6. Bd3 Nd7 7. Ne2 g5 8. O-O
e5 9. Na3 Be7 10. Ng3 c6 11. Nc4 Rg8 12. Be2 Nf8 13. Nh5 Qh8 14. d5 c5 15. Bg4
Bxg4 16. Qxg4 Ng6 17. b4 cxb4 18. cxb4 Nf4 19. Ne3 Bd8 20. Rac1 Qh7 21. Nf5 Qg6
22. Nxf4 gxf4 23. Nxd6+ Kf8 24. Qxg6 Rxg6 25. Nxb7 1-0

[Event "South Wales International Open"]
[Site "Bridgend"]
[Date "2022.07.09"]
[Round "4.4"]
[White "Hill, Alistair"]
[Black "Smith, Olivia"]
[Result "1/2-1/2"]
[WhiteElo "2190"]
[BlackElo "2038"]
[PlyCount "107"]
[EventDate "2022.07.07"]
[EventRounds "9"]
[EventCountry "WLS"]

1. d4 Nf6 2. c4 g6 3. Nc3 Bg7 4. e4 d6 5. Be2 O-O 6. Be3 e5 7. d5 Nbd7 8. g4
Nc5 9. f3 a5 10. Qd2 Bd7 11. h4 h5 12. g5 Ne8 13. O-O-O Na4 14. Bd3 Nxc3 15.
Qxc3 c5 16. Ne2 Rb8 17. Bd2 a4 18. Qc2 a3 19. b3 Nc7 20. Kb1 b5 21. Nc3 bxc4
22. Bxc4 Na8 23. Ka1 Nb6 24. Qd3 Qc7 25. Nb5 Bxb5 26. Bxb5 Nxd5 27. Qxd5 Rxb5
28. Bc1 Qa5 29. Rd3 Rb6 30. Bd2 Qa6 31. Rc1 Ra8 32. Kb1 Bf8 33. Rc4 Qb7 34.
Qxb7 Rxb7 35. Kc2 Be7 36. f4 exf4 37. Bxf4 Rb6 38. e5 dxe5 39. Bxe5 Re6 40. Bf4
Re2+ 41. Rd2 Rxd2+ 42. Bxd2 f6 43. gxf6 Bxf6 44. Be3 Re8 45. Kd3 Rd8+ 46. Ke2
Bd4 47. Bc1 Rf8 48. Bxa3 Rf2+ 49. Kd3 Rxa2 50. Bxc5 Bf6 51. Rf4 Kg7 52. Bd4
Bxd4 53. Kxd4 g5 54. hxg5 1/2-1/2

[Event "South Wales International Open"]
[Site "Bridgend"]
[Date "2022.07.09"]
[Round "4.5"]
[White "Murphy, Hugh W"]
[Black "Spanton, Tim R"]
[Result "1-0"]
[WhiteElo "2125"]
[BlackElo "1889"]
[PlyCount "113"]
[EventDate "2022.07.07"]
[EventRounds "9"]
[EventCountry "WLS"]

1. d4 d5 2. Nf3 Nc6 3. e3 Bg4 4. Bb5 e6 5. c4 a6 6. Bxc6+ bxc6 7. Qa4 Ne7 8.
Ne5 Bh5 9. Nc3 f6 10. Nxc6 Qd7 11. Nxe7 Qxa4 12. Nxa4 Bxe7 13. cxd5 exd5 14.
Bd2 O-O 15. Rc1 Rfc8 16. Ba5 Be8 17. Nc3 c6 18. Na4 Rcb8 19. b3 Rb5 20. Bb6 Rb8
21. Bc5 Bd8 22. O-O Bc7 23. Nc3 R5b7 24. Ba3 Kf7 25. Rc2 Kg8 26. Rfc1 Bg6 27.
Rb2 Be8 28. Na4 Bb6 29. Bd6 Rd8 30. Nxb6 Rxd6 31. Na4 a5 32. Rbc2 Kf7 33. Kf1
Rd8 34. Ke1 Ke7 35. Rc5 Ra8 36. Kd2 Kd6 37. f3 Re7 38. Nc3 Bg6 39. Ne2 Ra6 40.
Nc3 Ra8 41. Re1 Ra6 42. e4 dxe4 43. fxe4 Ra8 44. Kd3 Ra6 45. Ke3 Ra8 46. Kf4
Ra6 47. Na4 Bf7 48. Nb2 Bg8 49. Rec1 Bf7 50. Kf3 Bg8 51. Nd3 Be6 52. R5c3 Rb6
53. Kf2 a4 54. bxa4 Bxa2 55. a5 Ra6 56. Nb4 Rxa5 57. Nxc6 1-0

[Event "South Wales International Open"]
[Site "Bridgend"]
[Date "2022.07.09"]
[Round "4.6"]
[White "De Coverly, Roger D"]
[Black "Ralphs, Nigel"]
[Result "1/2-1/2"]
[WhiteElo "1914"]
[BlackElo "1964"]
[PlyCount "109"]
[EventDate "2022.07.07"]
[EventRounds "9"]
[EventCountry "WLS"]

1. d4 d5 2. c4 e6 3. Nc3 Be7 4. Nf3 Nf6 5. Bg5 h6 6. Bh4 O-O 7. e3 Ne4 8. Bxe7
Qxe7 9. Rc1 Nxc3 10. Rxc3 c6 11. Bd3 dxc4 12. Bxc4 Nd7 13. O-O b6 14. Qe2 a5
15. Rd1 Bb7 16. e4 Rfd8 17. Re3 a4 18. d5 e5 19. Qe1 b5 20. Bf1 Nf6 21. h3 a3
22. bxa3 cxd5 23. exd5 e4 24. Nd4 Nxd5 25. Rg3 Qe5 26. Nxb5 f5 27. Bc4 Kh8 28.
Rb3 Rac8 29. Bf1 Ba8 30. a4 f4 31. Nc3 Nxc3 32. Rxd8+ Rxd8 33. Qxc3 Qg5 34. Rb5
Qe7 35. Qe5 Qxe5 36. Rxe5 Bd5 37. a5 g5 38. a6 Kg7 39. a7 Ba8 40. Re7+ Kf6 41.
Rc7 Re8 42. Be2 Re7 43. Rxe7 Kxe7 44. g3 Kd6 45. Kf1 Kc7 46. Ke1 Kb6 47. Kd2
e3+ 48. Ke1 f3 49. Bd3 e2 50. Bxe2 fxe2 51. Kxe2 Kxa7 52. Ke3 Kb6 53. f4 Kc5
54. fxg5 hxg5 55. h4 1/2-1/2

[Event "South Wales International Open"]
[Site "Bridgend"]
[Date "2022.07.09"]
[Round "4.7"]
[White "Rathbone-Jones, Ifan"]
[Black "Gawne, Martin"]
[Result "1-0"]
[WhiteElo "1936"]
[BlackElo "1724"]
[PlyCount "43"]
[EventDate "2022.07.07"]
[EventRounds "9"]
[EventCountry "WLS"]

1. d4 d6 2. Nc3 Nf6 3. e4 e5 4. dxe5 dxe5 5. Qxd8+ Kxd8 6. Bg5 Be6 7. O-O-O+
Kc8 8. f4 Bb4 9. Bxf6 gxf6 10. f5 Bxc3 11. fxe6 Bb4 12. Bc4 Nc6 13. exf7 Nd8
14. Ne2 Be7 15. Ng3 Rf8 16. Nf5 Bc5 17. Rd3 a6 18. Rhd1 b5 19. Bb3 Nxf7 20.
Be6+ Kb7 21. Rd7 Ng5 22. Bd5+ 1-0

[Event "South Wales International Open"]
[Site "Bridgend"]
[Date "2022.07.09"]
[Round "4.8"]
[White "Fathallah, Joe"]
[Black "Van Kemenade, Rudy"]
[Result "1/2-1/2"]
[WhiteElo "1912"]
[BlackElo "1921"]
[PlyCount "105"]
[EventDate "2022.07.07"]
[EventRounds "9"]
[EventCountry "WLS"]

1. d4 Nf6 2. c4 g6 3. Nc3 Bg7 4. e4 d6 5. f3 O-O 6. Be3 Nc6 7. Nge2 a6 8. Qd2
Rb8 9. Rc1 Re8 10. Bh6 Bh8 11. h4 e5 12. d5 Nd4 13. Ng3 b5 14. h5 b4 15. Nce2
b3 16. Nxd4 exd4 17. a3 c6 18. hxg6 fxg6 19. dxc6 Qb6 20. Bf4 Qc5 21. Bd3 Rb6
22. Kf2 Rxc6 23. Rh2 Rf8 24. Rch1 g5 25. Bxg5 Ng4+ 26. Ke2 Nxh2 27. Rxh2 Be6
28. Nf5 Bxf5 29. exf5 Qe5+ 30. Be4 Rxc4 31. Bf4 d3+ 32. Kd1 Rc2 33. Bxe5 Rxd2+
34. Kxd2 Bxe5 35. Rh5 Bxb2 36. Bd5+ Kg7 37. Bxb3 Bxa3 38. Kxd3 Bb4 39. Rh4 a5
40. Be6 Rb8 41. Rc4 Bc5 42. Rg4+ Kf6 43. Rh4 Rb2 44. Rxh7 Ke5 45. g3 d5 46. f4+
Kd6 47. Rd7+ Kc6 48. Kc3 Rg2 49. Bxd5+ Kxd7 50. Bxg2 Bf2 51. g4 Bg3 52. g5 Bxf4
53. Bf1 1/2-1/2

[Event "South Wales International Open"]
[Site "Bridgend"]
[Date "2022.07.09"]
[Round "4.9"]
[White "Hughes, Anthony"]
[Black "Nilsson, Joakim"]
[Result "0-1"]
[WhiteElo "1865"]
[BlackElo "2213"]
[PlyCount "80"]
[EventDate "2022.07.07"]
[EventRounds "9"]
[EventCountry "WLS"]

1. c4 c5 2. Nc3 Nf6 3. g3 e6 4. e4 d6 5. Bg2 Be7 6. Nge2 O-O 7. O-O a6 8. d3
Nc6 9. a4 Bd7 10. h3 Ne8 11. Be3 Nc7 12. d4 cxd4 13. Nxd4 Nxd4 14. Bxd4 Bc6 15.
Qg4 e5 16. Bb6 Qc8 17. Bxc7 Qxc7 18. Rfd1 b6 19. Rd2 Rac8 20. Bf1 Qb7 21. Rad1
f5 22. Qe2 f4 23. h4 Bd7 24. c5 Rxc5 25. Qxa6 Qb8 26. Nd5 Bd8 27. b4 Rc8 28.
Bc4 Kh8 29. Bb3 Bg4 30. Rb1 Bd7 31. Rbd1 b5 32. Rc2 Rxc2 33. Bxc2 bxa4 34. Bxa4
Bxa4 35. Qxa4 fxg3 36. fxg3 Bb6+ 37. Kh1 Qc8 38. Qa2 Qh3+ 39. Qh2 Rf1+ 40. Rxf1
Qxf1+ 0-1

[Event "South Wales International Open"]
[Site "Bridgend"]
[Date "2022.07.09"]
[Round "4.10"]
[White "Waddington, Mike P"]
[Black "Harding, Gareth"]
[Result "1-0"]
[WhiteElo "2071"]
[BlackElo "1808"]
[PlyCount "39"]
[EventDate "2022.07.07"]
[EventRounds "9"]
[EventCountry "WLS"]

1. Nc3 d5 2. e4 d4 3. Nce2 e5 4. Ng3 Nf6 5. Bc4 Bd6 6. Nf3 O-O 7. O-O Nc6 8. a4
Na5 9. Ba2 c5 10. d3 Nc6 11. Ng5 Qc7 12. Nh5 Kh8 13. Nxf6 gxf6 14. Nxh7 Kxh7
15. Qh5+ Kg8 16. Qg6+ Kh8 17. Qxf6+ Kh7 18. Bh6 Rg8 19. Bxf7 Be7 20. Bxg8+ 1-0

[Event "South Wales International Open"]
[Site "Bridgend"]
[Date "2022.07.09"]
[Round "4.11"]
[White "Turner, Joseph David"]
[Black "Menadue, Jeremy F S"]
[Result "0-1"]
[WhiteElo "1869"]
[BlackElo "1989"]
[PlyCount "98"]
[EventDate "2022.07.07"]
[EventRounds "9"]
[EventCountry "WLS"]

1. e4 Nf6 2. e5 Nd5 3. c4 Nb6 4. c5 Nd5 5. Bc4 e6 6. Nc3 Nxc3 7. dxc3 Nc6 8.
Nf3 Bxc5 9. b4 Be7 10. b5 Nb8 11. Qe2 a6 12. bxa6 Nxa6 13. O-O Nc5 14. Rd1 b6
15. Nd4 Bb7 16. Qg4 Kf8 17. f4 h5 18. Qh3 Rh6 19. f5 Bg5 20. fxe6 Bxc1 21. e7+
Qxe7 22. Nf5 Qxe5 23. Raxc1 Rg6 24. Nh4 Rg4 25. Rf1 Ne6 26. Rf5 Rxh4 27. Rxe5
Rxh3 28. gxh3 g6 29. Rf1 Ke7 30. Rfe1 Bc6 31. h4 Ra4 32. Bb3 Rxh4 33. R1e2 Rg4+
34. Kf2 Rg2+ 35. Ke1 Rg1+ 36. Kd2 h4 37. Rf2 Rg4 38. Bd1 Rg1 39. Bb3 h3 40. Re3
Bg2 41. Re1 Rxe1 42. Kxe1 f5 43. Re2 Kf6 44. Kf2 Nc5 45. Bc2 g5 46. Re8 Be4 47.
Bd1 g4 48. Ke3 g3 49. hxg3 h2 0-1

[Event "South Wales International Open"]
[Site "Bridgend"]
[Date "2022.07.09"]
[Round "4.12"]
[White "Jukes, Sam"]
[Black "Fowler, Hugo"]
[Result "0-1"]
[WhiteElo "1906"]
[BlackElo "1873"]
[PlyCount "58"]
[EventDate "2022.07.07"]
[EventRounds "9"]
[EventCountry "WLS"]

1. e4 e5 2. Nf3 Nc6 3. Bc4 Bc5 4. b4 Bb6 5. a4 a6 6. Nc3 Nf6 7. Nd5 Ba7 8. O-O
d6 9. d3 Nxd5 10. exd5 Nd4 11. c3 Nxf3+ 12. Qxf3 O-O 13. Be3 Bxe3 14. Qxe3 g5
15. d4 Re8 16. dxe5 Rxe5 17. Qg3 Re4 18. Bd3 Rf4 19. Rae1 Bd7 20. h4 Rxh4 21.
f4 Rg4 22. Qf3 gxf4 23. Kf2 Qh4+ 24. Kg1 Rg3 25. Qxf4 Qxf4 26. Bxh7+ Kxh7 27.
Rxf4 Re8 28. Rxf7+ Rg7 29. Rxd7 Rxe1+ 0-1

[Event "South Wales International Open"]
[Site "Bridgend"]
[Date "2022.07.09"]
[Round "4.13"]
[White "Skettos, Nicolas"]
[Black "Hurn, Robert Aj"]
[Result "0-1"]
[WhiteElo "1972"]
[BlackElo "1605"]
[PlyCount "66"]
[EventDate "2022.07.07"]
[EventRounds "9"]
[EventCountry "WLS"]

1. e4 c5 2. Nf3 d6 3. d4 cxd4 4. Nxd4 Nf6 5. Nc3 g6 6. Be3 Bg7 7. f3 O-O 8. Qd2
Nc6 9. O-O-O d5 10. Qe1 e5 11. Nxc6 bxc6 12. exd5 Nxd5 13. Bc4 Be6 14. Ne4 Qc7
15. Bc5 Rfd8 16. Qh4 Rd7 17. Ng5 h6 18. Nxe6 fxe6 19. Qg4 Kf7 20. g3 Rb8 21.
Bd3 e4 22. b3 exd3 23. Rhe1 Re8 24. Rxd3 Qa5 25. Bf2 Qa3+ 26. Kd1 Nc3+ 27. Kd2
Rxd3+ 28. Kxd3 Rd8+ 29. Kc4 Qa6+ 30. Kb4 Rb8+ 31. Kc5 Qb5+ 32. Kd6 Bf8+ 33. Kd7
Qb7# 0-1

[Event "South Wales International Open"]
[Site "Bridgend"]
[Date "2022.07.09"]
[Round "4.14"]
[White "Mckenna, Joshua"]
[Black "Bullen, Alex"]
[Result "0-1"]
[WhiteElo "1658"]
[BlackElo "2106"]
[PlyCount "170"]
[EventDate "2022.07.07"]
[EventRounds "9"]
[EventCountry "WLS"]

1. e4 c6 2. d4 d5 3. Nc3 dxe4 4. Nxe4 Nf6 5. Nxf6+ exf6 6. Nf3 Bd6 7. Be3 O-O
8. Bd3 Bg4 9. h3 Bh5 10. g4 Bg6 11. h4 Qa5+ 12. c3 Bxd3 13. Qxd3 Qd5 14. Rh3
Re8 15. Qf5 Qxf5 16. gxf5 Nd7 17. O-O-O Nb6 18. b3 Nd5 19. Kd2 Ne7 20. h5 Nxf5
21. h6 g6 22. Nh2 Re4 23. Rg1 Bxh2 24. Rxh2 Rae8 25. Rh3 Nd6 26. a4 f5 27. Rf3
Kf8 28. c4 Ke7 29. c5 Nc8 30. b4 Kd7 31. Kd3 Ne7 32. Rb1 Nd5 33. b5 Rh4 34. a5
cxb5 35. Rxb5 Kc6 36. Rb2 a6 37. Bg5 Rg4 38. Bc1 Ree4 39. Be3 Rg1 40. Bd2 Ra1
41. Kc2 Ra4 42. Rfb3 Rc4+ 43. Kd1 Re7 44. Rd3 Ra4 45. Kc2 Ra1 46. Rf3 Rg1 47.
Kd3 Rg4 48. Rb1 f4 49. Rh1 g5 50. Rfh3 Rg2 51. R1h2 Rxh2 52. Rxh2 Nc7 53. Kc4
Nd5 54. f3 Re6 55. Rh5 f6 56. Rh2 Re7 57. Rh5 Re2 58. Kd3 Rf2 59. Rh3 Ne7 60.
Be1 Ra2 61. Kc4 Ra4+ 62. Kd3 Kd5 63. Bc3 Nf5 64. Rh1 Nxd4 65. Rb1 Ne6 66. Bxf6
Nxc5+ 67. Ke2 Ra2+ 68. Kf1 Rh2 69. Rd1+ Ke6 70. Bxg5 Rh1+ 71. Ke2 Rxd1 72. Kxd1
Kf5 73. Be7 Nb3 74. Bd8 Nd4 75. Bb6 Nxf3 76. Ke2 Ke4 77. Kf2 Ne5 78. Ke2 Ng4
79. Kd2 Nxh6 80. Kc3 Ng4 81. Kc4 f3 82. Bg1 f2 83. Bxf2 Nxf2 84. Kc5 Nd3+ 85.
Kb6 Nb2 0-1

[Event "South Wales International Open"]
[Site "Bridgend"]
[Date "2022.07.09"]
[Round "4.15"]
[White "Gibbs, Dominic V"]
[Black "Thomas, Roy"]
[Result "1-0"]
[WhiteElo "1873"]
[BlackElo "1673"]
[PlyCount "93"]
[EventDate "2022.07.07"]
[EventRounds "9"]
[EventCountry "WLS"]

1. e4 c5 2. c3 Nf6 3. e5 Nd5 4. Nf3 g6 5. Bc4 Nb6 6. Bb3 Bg7 7. d4 cxd4 8. cxd4
O-O 9. O-O d6 10. Bf4 Nc6 11. h3 Na5 12. exd6 Nxb3 13. dxe7 Qxe7 14. axb3 Be6
15. Nc3 Rfd8 16. Bg5 f6 17. Be3 Qf7 18. Ra3 Bf8 19. Ra1 Bxb3 20. Qc1 a6 21. Nd2
Be6 22. Nde4 Rac8 23. Re1 Bb4 24. Bg5 Nd5 25. Bxf6 Nxc3 26. bxc3 Bxc3 27. Bxd8
Bxe1 28. Qxe1 Rxd8 29. Ng5 Qd7 30. Qxe6+ Qxe6 31. Nxe6 Rd6 32. Nc5 b5 33. Nxa6
Rxd4 34. Rb1 Ra4 35. Nc5 Ra5 36. Rb4 Kf7 37. Nb3 Ra2 38. Rxb5 Rb2 39. Nd4 Rd2
40. Rb7+ Kf6 41. Rb6+ Kg7 42. Nf3 Rd1+ 43. Kh2 Ra1 44. g3 Ra2 45. Kg2 Kh6 46.
h4 Ra4 47. Rb7 1-0

[Event "South Wales International Open"]
[Site "Bridgend"]
[Date "2022.07.09"]
[Round "4.16"]
[White "Robinson, David"]
[Black "Sainbayar, Anuurai"]
[Result "1-0"]
[WhiteElo "1857"]
[BlackElo "1512"]
[PlyCount "103"]
[EventDate "2022.07.07"]
[EventRounds "9"]
[EventCountry "WLS"]

1. d4 Nf6 2. Nf3 e6 3. Bf4 c5 4. e3 cxd4 5. exd4 Qb6 6. Qc1 Nc6 7. c3 Nh5 8.
Be3 d5 9. Bd3 f5 10. Na3 Bd6 11. Nb5 Bb8 12. Ne5 a6 13. Na3 O-O 14. f4 Nf6 15.
Nc2 Qd8 16. Qd1 Nxe5 17. fxe5 Ne4 18. Qe2 Qh4+ 19. Bf2 Nxf2 20. Qxf2 Qg5 21.
Qd2 Qh4+ 22. g3 Qg4 23. Ne3 Qg5 24. O-O-O Bd7 25. h4 Qh5 26. Ng2 Qe8 27. g4 Bc7
28. gxf5 exf5 29. Nf4 Be6 30. Rdg1 Rd8 31. Qg2 Rd7 32. h5 h6 33. Qf3 Bd8 34.
Rg6 Bg5 35. Kb1 Bxf4 36. Qxf4 Kh7 37. Rhg1 b5 38. Qg3 Rff7 39. Qf4 Rde7 40. Qf3
Qb8 41. Qh3 Kh8 42. Qg2 Qc8 43. Rf1 Rb7 44. Qh3 Rbe7 45. Bc2 a5 46. Qd3 b4 47.
cxb4 axb4 48. Rfg1 Qc4 49. Qd2 Rf8 50. Rxh6+ gxh6 51. Qxh6+ Rh7 52. Qxf8+ 1-0

[Event "South Wales International Open"]
[Site "Bridgend"]
[Date "2022.07.09"]
[Round "4.17"]
[White "Bridges, Paul"]
[Black "Jones, Jeremy"]
[Result "1-0"]
[WhiteElo "1754"]
[BlackElo "1574"]
[PlyCount "79"]
[EventDate "2022.07.07"]
[EventRounds "9"]
[EventCountry "WLS"]

1. e4 e5 2. Nc3 Nf6 3. Bc4 c6 4. Nf3 d5 5. exd5 cxd5 6. Bb5+ Bd7 7. Nxe5 Nc6 8.
Nxd7 Qxd7 9. O-O Be7 10. d4 O-O 11. Re1 Bb4 12. Bd2 a6 13. Bxc6 bxc6 14. Ne2
Bd6 15. Bf4 Bb4 16. c3 Bd6 17. Bxd6 Qxd6 18. Ng3 Rab8 19. Qd2 Rfe8 20. Rxe8+
Rxe8 21. Re1 Re6 22. f3 Qe7 23. Kf2 Rxe1 24. Qxe1 Kf8 25. Qxe7+ Kxe7 26. Nf5+
Kf8 27. Ke3 g6 28. Nd6 Ke7 29. Nb7 Nd7 30. Nc5 Nxc5 31. dxc5 Ke6 32. Kd4 f6 33.
b4 Kd7 34. a4 Kc7 35. c4 dxc4 36. Kxc4 Kb7 37. b5 axb5+ 38. axb5 cxb5+ 39. Kxb5
f5 40. c6+ 1-0